Normal view
MARC view
Entry Personal Name
001 - CONTROL NUMBER
- control field: 26368
003 - CONTROL NUMBER IDENTIFIER
- control field: dpl
005 - DATE AND TIME OF LATEST TRANSACTION
- control field: 20110301165945.0
008 - FIXED-LENGTH DATA ELEMENTS
- fixed length control field: 110301|||a|||||| | ||| d
040 ## - CATALOGING SOURCE
- Original cataloging agency: dpl
- Transcribing agency: dpl
100 ## - HEADING--PERSONAL NAME
- Personal name: Mittal, Arvind
670 ## - SOURCE DATA FOUND
- Source citation: Work cat.: (dpl): Mittle, V.N. 26367, Basic electrical and electronics engineering :, 2011
670 ## - SOURCE DATA FOUND
- Source citation: Work cat.: (dpl): Mittle, V.N. 26367, Basic electrical and electronics engineering :, 2011
